| 000 | 01049cam a22003011 4500 | ||
|---|---|---|---|
| 001 | 29782 | ||
| 003 | BD-RjUL | ||
| 005 | 20211209051447.0 | ||
| 008 | 140407s19551923u 000 0 eng | ||
| 035 | _a(BD-RjUL)29867 | ||
| 035 | _a(OCoLC)9387404 | ||
| 040 |
_aDLC _cFMU _dDLC _beng |
||
| 041 | 1 |
_aeng _hger |
|
| 082 |
_a131.3463 _bADP 1955 |
||
| 100 | 1 |
_aAdler, Alfred, _d1870-1937. _916817 |
|
| 245 | 1 | 4 |
_aThe practice and theory of individual psychology / _cAlfred Adler ... translated by P. Radin ... |
| 260 |
_aLondon : _bK. Paul, Trench, Trubner & Co. Ltd., _cC1923 [reprinting 1955] |
||
| 300 |
_aviii, 352 p. ; _c23 cm. |
||
| 500 | _a"First edition 1925, revised edition 1929, reprinted 1932." | ||
| 504 | _aincludes index | ||
| 650 | 0 |
_aPsychoanalysis. _990669 |
|
| 650 | 0 |
_aPsychology, Pathological. _990670 |
|
| 700 | 1 |
_aRadin, Paul, _d1883-1959, _etr. _920353 |
|
| 942 |
_2ddc _cBK _01 |
||
| 999 |
_c29782 _d29782 |
||